000 00709nam a2200193Ii 4500
003 JO-AjNU
008 230605s9999||||xx |||||||||||||| ||und||
040 _aJO-AjNU
_bara
_erda
_cJO-AjNU
041 _aara
050 1 4 _aBP76.8.2002
100 3 _aعبد العليم، محمد محمود,
_eauthor
_938521
245 0 0 _aالسيدة زينب الطاهرة خامسة النساء الكاملات رضي الله عنها
264 3 1 _aالقاهرة:شركة الشمرلي للطبع والنشر ،2002
300 _a364ص
336 _atext
_btxt
_2rdacontent
337 _aunmediated
_bn
_2rdamedia
338 _avolume
_bnc
_2rdacarrier
650 4 _aاهل البيت-السيدة زينب
_938522
999 _aA16191
_c19759
_d19759